Cultura general por letra - F - Estadísticas

Estadísticas generales
  • Esta prueba ha sido intentada 6.505 veces
    5.605 desde el último reinicio
  • La puntuación promedio es 15 de 20
Estadísticas de respuestas
Pista Respuesta % Correcto
Red Social, su logotipo es una “F” en un cuadro azul Facebook
100%
Segundo mes del año Febrero
99%
Complejo industrial donde se producen cosas Fábrica
98%
Organización Mundial de Fútbol FIFA
94%
Dictador español Franco
93%
País donde supuestamente se encuentra la casa de Santa Claus Finlandia
92%
Tipo de baile español Flamenco
92%
Escuelas dentro de una unviersidad Facultades
90%
El … de Hamelin se deshizo de las ratas tocando música Flautista
88%
Idioma oficial de la región canadiense de Quebec Francés
88%
Tercer sabor del helado napolitano: vainilla, chocolate y… Fresa
88%
Vocalista y compositor de la banda británica “Queen” Freddie Mercury
78%
Casper, de la Ópera, de Canterville Fantasma
72%
Ciudad donde se desarrolla “Rocky” Filadelfia
63%
Príncipe de Aurora, “La Bella Duermiente” Felipe
54%
Tipo de pasta plana, ancha y alargada Fetuccini
45%
Invento de Edison que refleja la electricidad con el propósito de alumbrar Foco
44%
Apellido del comandante de S.H.I.E.L.D Fury
34%
Principe heredero asesinado del Imperio Austrohúngaro Francisco Fernando
32%
Aeropuerto cuyo código IATA es FUE Fuerteventura
24%
No se encontraron pruebas coincidentes
Distribución de puntuación
Porcentaje de gente con cada puntuación
Porcentaje por número respondido
Historial de tus puntuaciones
No has intentado esta prueba desde el último reinicio